| 000 | 00657cam a22001811 4500 | ||
|---|---|---|---|
| 082 |
_a624.101 _bSHE _cL-20, P-139 |
||
| 100 | 1 |
_aShedd, Thomas Clark, _942359 |
|
| 245 | 0 | 0 |
_aTheory of simple structures, _cby Thomas Clark Shedd ... and Jamison Vawter ... |
| 250 | _a2d ed. | ||
| 260 |
_aNew York, _bJ. Wiley & Sons, inc; _aLondon, _bChapman & Hall, limited, _c1941. |
||
| 300 |
_axii, 505 p. _billus., tables (1 double) diagrs. (3 fold.) _c24 cm. |
||
| 526 |
_a0 _b0 _c0 _d624_101000000000000_SHE |
||
| 650 | 0 |
_aMCE _9379 |
|
| 650 | 0 |
_aStatics. _91020 |
|
| 650 | 0 |
_aStructural analysis (Engineering) _9654 |
|
| 700 | 1 |
_aVawter, Jamison, _942360 |
|
| 942 |
_2ddc _cBK |
||
| 999 |
_c546260 _d546260 |
||